000 00585nam a2200241 a 4500
001 nice12345678
003 IN_TiNIC
005 20260116011833.0
008 050524s1895 laha grp 000 0 urd
020 _a
_c100
082 0 0 _a239
_bRAM
100 _aRamchandra, M
245 _aEjaz-E-Qur`an
_b the Qur`an Refuted.
260 _aLahore
_bPunjab Religious Booksociety
_c1895
300 _a156p
500 _aincludes index and biblioraphy
505 2 _aAppendix
650 _aApologetics
700 1 _aRamchandra, M
902 _bSRS
942 _cBK
999 _c4330
_d4330